| 000 -LEADER | |
|---|---|
| fixed length control field | 00434nam a22001697a 4500 |
| 005 - DATE AND TIME OF LATEST TRANSACTION | |
| control field | 20160622101426.0 |
| 008 - FIXED-LENGTH DATA ELEMENTS--GENERAL INFORMATION | |
| fixed length control field | 160622b xxu||||| |||| 00| 0 eng d |
| 020 ## - INTERNATIONAL STANDARD BOOK NUMBER | |
| ISBN | 81-219-2573-8 |
| 041 ## - LANGUAGE CODE | |
| Language code of text/sound track or separate title | eng |
| 082 ## - DEWEY DECIMAL CLASSIFICATION NUMBER | |
| Item number | 9105 |
| 100 ## - MAIN ENTRY--AUTHOR NAME | |
| Personal name | Khurmi, R.S. and Gupta, J.K. |
| 245 ## - TITLE STATEMENT | |
| Title | A Text Book of Thermal Engineering |
| 260 ## - PUBLICATION, DISTRIBUTION, ETC. (IMPRINT) | |
| Place of publication | New Delhi |
| Name of publisher | Sultan Chand & Sons, |
| Year of publication | 2013 |
| 300 ## - PHYSICAL DESCRIPTION | |
| Number of Pages | 886 |
| 650 ## - SUBJECT ADDED ENTRY--TOPICAL TERM | |
| Topical Term | Management |
| 942 ## - ADDED ENTRY ELEMENTS (KOHA) | |
| Koha item type | Books |
| Lost status | Damaged status | Home library | Current library | Shelving location | Date acquired | Cost, normal purchase price | Full call number | Accession Number | Koha item type | Collection code |
|---|---|---|---|---|---|---|---|---|---|---|
| JRU Library | SHELF-42-J | 22/06/2016 | 500.00 | 9105 | 9105 | Books | ||||
| JRU Library | SHELF-42-J | 22/06/2016 | 500.00 | 9105 | 9106 | Books | ||||
| Lost and Paid For | JRU Library | 22/06/2016 | 500.00 | 9105 | 9107 | Books | ||||
| JRU Library | SHELF-42-J | 22/06/2016 | 500.00 | 9105 | 9108 | Books | ||||
| JRU Library | SHELF-72-D | 22/06/2016 | 500.00 | 9105 | 9109 | Books | Reference | |||
| JRU Library | 22/06/2016 | 500.00 | 9105 | 9110 | Books | |||||
| JRU Library | 22/06/2016 | 500.00 | 9105 | 9111 | Books | |||||
| JRU Library | 22/06/2016 | 500.00 | 9105 | 9112 | Books | |||||
| JRU Library | 22/06/2016 | 500.00 | 9105 | 9113 | Books | |||||
| JRU Library | 22/06/2016 | 500.00 | 9105 | 9114 | Books |